| 000 | 00408cam a22001217a 4500 | ||
|---|---|---|---|
| 008 | 180718b1992 xxu||||| |||| 00| 0 eng d | ||
| 082 | _aAPPPA 91-92 ANS | ||
| 100 | _aAnsari, M.Z. | ||
| 245 |
_aReview of Indian railways corporate plan, 1985-2000 _cby M.Z. Ansari |
||
| 260 |
_aNew Delhi _bIndian Institute of Public Administration _c1992 |
||
| 300 | _a122p. | ||
| 650 | _aIndian railways corporate plan-1985-2000 | ||
| 999 |
_c501588 _d501588 |
||